000 01290nam a2200277 a 4500
003 IT-RoINE
005 20211202090341.0
008 980716s1991 sp r 000 | spa d
020 _a8472992713
040 _aUCM.DER
_dUSA.FVI
_dUPSA
_dIT-RoINE
_cesslup
245 0 0 _aEstudios jurídico-canónicos conmemorativos del primer cincuentenario de la restauración de la Facultad de Derecho Canónico en Salamanca :
_b(1940-1989) /
_cAntonio García y García (ed.)
260 _aSalamanca :
_bPublicaciones Universidad Pontificia,
_c1991.
300 _a397 p. ;
_c24 cm.
336 _2rdacontent
_atext
337 _2rdamedia
_aunmediated
338 _2rdacarrier
_avolume
490 1 _aBibliotheca salmanticensis.
_aEstudios ;
_v141
505 1 _aApéndices: Antiguo alumnos de la Facultad de Derecho Canónico de Salamanca / por Federco R. Aznar Gil, Mariano Sanz González.
610 2 4 _aUniversidad Pontificia de Salamanca (España).
_bFacultad de Derecho Canónico
_982271
650 4 _aDerecho canónico
_vLegislación
_942473
700 1 _93141
_aAznar Gil, Federico R.,
_d1953-
700 1 _aSanz González, Mariano,
_d1959-
_925720
700 1 _94988
_aGarcía y García, Antonio,
_cO.F.M.,
_d1928-2013
830 0 _93087
_aBibliotheca Salmanticensis.
_pEstudios ;
_v141
942 _cMTS
999 _c12656
_d12656